| 000 | 01443naa a22003497a 4500 | ||
|---|---|---|---|
| 001 | BR7906007 | ||
| 003 | BR-BrBNA | ||
| 005 | 20240918174433.0 | ||
| 007 | ta | ||
| 008 | 230509b bl.||||| |||| 00| 0 por d | ||
| 040 |
_aBR-BrBNA _bpor _cBiblioteca Nacional de Agricultura |
||
| 041 | _a(Pt) | ||
| 072 |
_aF23 _b/G514 |
||
| 090 | _aF23 BR7906007 | ||
| 100 | 1 | _aPalmieri, F. | |
| 100 | 1 | _aDematte, J.L.I. | |
| 100 | 1 | _aHochmuller, D.P. | |
| 100 | 1 | _aSantos, H.G. dos | |
| 100 | 1 | _aGomes, I.A. | |
| 100 | 1 | _aRodrigues, T.E. | |
| 111 | 1 |
_a1. Reuniao de Classificacao, Correlacao e Interpretacao de Aptidao Agricola de Solos _cRio de Janeiro, RJ (Brazil) _d01 Aug 1978 |
|
| 245 | 1 | _aSumula das principais questoes referentes a identificacao, caracterizacao, classificacao e correlacao dos solos examinados durante a excursao [Rio de Janeiro; Brasil] | |
| 260 | 3 |
_aRio de Janeiro, RJ (Brasil): _c1979. |
|
| 500 | _aAnais da 1. Reuniao de Classificacao, Correlacao e Interpretacao de Aptidao Agricola de Solos Rio de Janeiro, RJ (Brasil): 1979. p. 247-259 (BR7906007-AM)F23 | ||
| 650 | _aClassificacao do solo | ||
| 650 | _aSolo | ||
| 650 | _aPerfil do solo | ||
| 650 | _aRio de Janeiro | ||
| 773 | 0 |
_tAnais da 1. Reuniao de Classificacao, Correlacao e Interpretacao de Aptidao Agricola de Solos _wF23 BR7906007 _gRio de Janeiro, RJ (Brasil), 1979. p. 247-259 |
|
| 909 |
_a202404 _bLucia _c55 _dLucia Elande |
||
| 942 |
_cAM _2AGRIS |
||
| 999 |
_c311257 _d311257 |
||